书目信息 |
| 题名: |
房地产开发企业运作法律实务
|
|
| 作者: | 宋安成 著 | |
| 分册: | ||
| 出版信息: | 北京 中国法制出版社 2013 |
|
| 页数: | 384页 | |
| 开本: | 23cm | |
| 丛书名: | ||
| 单 册: | ||
| 中图分类: | D922.384 | |
| 科图分类: | ||
| 主题词: | 房地产法--基本知识--中国 , 房地产法 | |
| 电子资源: | ||
| ISBN: | 978-7-5093-4586-3 | |
| 000 | 00839nam0 22002411 450 | |
| 001 | 519 | |
| 005 | 20140908082002.64 | |
| 010 | @a978-7-5093-4586-3@dCNY69.80 | |
| 100 | @a20130903d2013 em y0chiy50 ea | |
| 101 | 0 | @achi |
| 102 | @aCN@b110000 | |
| 105 | @ay z 000yy | |
| 106 | @ar | |
| 200 | 1 | @a房地产开发企业运作法律实务@AFang Di Chan Kai Fa Qi Ye Yun Zuo Fa Lv Shi Wu@f宋安成著@FSong An Cheng Zhu |
| 210 | @a北京@c中国法制出版社@d2013 | |
| 215 | @a384页@d23cm | |
| 330 | @a本书包括房地产开发土地取得、房地产项目的审批、房地产项目工程施工、房屋预售与销售、物业管理、商业地产法律问题、房地产企业内部运作法律问题等7章内容。 | |
| 606 | 0 | @a房地产法@x基本知识@y中国 |
| 606 | 0 | @a房地产法 |
| 690 | @aD922.384@v5 | |
| 701 | 0 | @a宋安成@ASong An Cheng@4著 |
| 801 | 0 | @aCN@bTANGWEI@c20140603 |
| 905 | @b0836667-69@dD922.384@e1148@f3 | |
| 房地产开发企业运作法律实务/宋安成著.-北京:中国法制出版社,2013 |
| 384页;23cm |
| ISBN 978-7-5093-4586-3:CNY69.80 |
| 本书包括房地产开发土地取得、房地产项目的审批、房地产项目工程施工、房屋预售与销售、物业管理、商业地产法律问题、房地产企业内部运作法律问题等7章内容。 |
| ● |
| 相关链接 |
|
|
|
|
正题名:房地产开发企业运作法律实务
索取号:D922.384/1148
 
预约/预借
| 序号 | 登录号 | 条形码 | 馆藏地/架位号 | 状态 | 备注 |
| 1 | 0836667 | 208366677 | 第一样本阅览室/ [索取号:D922.384/1148] | 在馆 | |
| 2 | 0836668 | 208366686 | 第一借阅区/ [索取号:D922.384/1148] | 在馆 | |
| 3 | 0836669 | 208366695 | 密集书库-海洋学院/ [索取号:D922.384/1148] | 在馆 |